00526nam a2200145 i 4500001000700000003000900007005001700016007000300033008004100036245017200077260004000249300002800289700004000317852002300357100311ES-MaACL20230906182641.0t|050926m19111912xxk ||||1| eng d00aMarvel of the Universe b: a popular work on the marvels of the heavens, the earth, plant life, animal life, the mighty deep / cwith and introduction by Lord Avebury. aLondon : bThe Standart, c1911-12. a2 v. : bil. ; c27 cm.1 aLubbock, John c, Sir (d1834-1913) aES-MaACLjC-2071-2